| 000 | 00581nam a2200181Ia 4500 | ||
|---|---|---|---|
| 008 | 180910s9999 xx 000 0 und d | ||
| 100 | _aMcKinley, Kathryn, S. | ||
| 245 | _aACM Transactions on Programming Languages and Systems / | ||
| 245 | _cKathryn, S. McKinley. | ||
| 260 | _bAssociation for Computing Machinery | ||
| 260 | _c2008 | ||
| 300 | _apages 18:2-24:58, 2008 | ||
| 440 |
_aACM Transactions on Programming Languages and Systems / _v30:4 |
||
| 650 | _aAssociation for Computing Machinery. | ||
| 650 | _aComputers. | ||
| 650 | _aPeriodicals. | ||
| 942 |
_2lcc _cSE |
||
| 999 |
_c358772 _d358772 |
||